| 000 | 00655nam a22002177a 4500 | ||
|---|---|---|---|
| 003 | BUBTL | ||
| 008 | 230316b ||||| |||| 00| 0 eng d | ||
| 020 | _a9781138695306 | ||
| 082 | _a821.3/ W7316p/ 1981 | ||
| 100 |
_95223 _aWinny, James |
||
| 245 |
_aA Preface to Donne / _c James Winny |
||
| 250 | _a1st Edn | ||
| 260 |
_aLondon: _bRoutledge Taylor & Francis Group, _cc1981 |
||
| 300 |
_aix, 196 p.: _c22.5 cm. |
||
| 500 | _aIncludes Index | ||
| 505 | _aA Preface to Donne, James Winny, English Literature, English | ||
| 650 | 0 |
_91994 _aEnglish Literature |
|
| 856 |
_k0 _l0 _yDownload |
||
| 942 |
_2ddc _cBK |
||
| 999 |
_c6981 _d6981 |
||